| 000 | 00472cam a2200181ua 4500 | ||
|---|---|---|---|
| 003 | OSt | ||
| 008 | 241101b |||||||| |||| 00| 0 eng d | ||
| 020 | _a0-85226-453-4 | ||
| 041 | _aeng | ||
| 082 |
_a621.47 _bKAD/IN |
||
| 100 |
_aKadambi, V . _96372 |
||
| 245 | _aIntroduction to energy conservation, Vol 3 / | ||
| 250 | _a1 / | ||
| 260 |
_aNew Delhi : _bNew Age International Ltd , _c1997. |
||
| 300 | _a278 ; . | ||
| 700 | 1 |
_aManohar, Prasad . _95996 |
|
| 942 | _cBK | ||
| 999 |
_c5625 _d5625 |
||